| 000 | 05703nam a22007815i 4500 | ||
|---|---|---|---|
| 001 | 978-3-032-05799-0 | ||
| 003 | DE-He213 | ||
| 005 | 20260304124400.0 | ||
| 007 | cr nn 008mamaa | ||
| 008 | 251030s2026 sz | s |||| 0|eng d | ||
| 020 |
_a9783032057990 _9978-3-032-05799-0 |
||
| 024 | 7 |
_a10.1007/978-3-032-05799-0 _2doi |
|
| 050 | 4 | _aQA76.758 | |
| 072 | 7 |
_aUMZ _2bicssc |
|
| 072 | 7 |
_aCOM051230 _2bisacsh |
|
| 072 | 7 |
_aUMZ _2thema |
|
| 082 | 0 | 4 |
_a005.1 _223 |
| 245 | 1 | 0 |
_aAgile Processes in Software Engineering and Extreme Programming – Workshops _h[electronic resource] : _bXP 2025 Workshops, Brugg-Windisch, Switzerland, June 2–5, 2025, Revised Selected Papers / _cedited by Sibylle Peter, Martin Kropp, Torgeir Dingsøyr, Clare Dillon, Philipp Diebold, Deepti Jain, Maria Ilaria Lunesu, Andrea Pinna. |
| 250 | _a1st ed. 2026. | ||
| 264 | 1 |
_aCham : _bSpringer Nature Switzerland : _bImprint: Springer, _c2026. |
|
| 300 |
_aXII, 121 p. 30 illus., 22 illus. in color. _bonline resource. |
||
| 336 |
_atext _btxt _2rdacontent |
||
| 337 |
_acomputer _bc _2rdamedia |
||
| 338 |
_aonline resource _bcr _2rdacarrier |
||
| 341 | 0 |
_bPDF/UA-1 _2onix |
|
| 341 | 0 |
_bTable of contents navigation _2onix |
|
| 341 | 0 |
_bSingle logical reading order _2onix |
|
| 341 | 0 |
_bShort alternative textual descriptions _2onix |
|
| 341 | 0 |
_bUse of color is not sole means of conveying information _2onix |
|
| 341 | 0 |
_bUse of high contrast between text and background color _2onix |
|
| 341 | 0 |
_bNext / Previous structural navigation _2onix |
|
| 341 | 0 |
_bAll non-decorative content supports reading without sight _2onix |
|
| 347 |
_atext file _bPDF _2rda |
||
| 490 | 1 |
_aLecture Notes in Business Information Processing, _x1865-1356 ; _v561 |
|
| 506 | 0 | _aOpen Access | |
| 520 | _aThis open access book constitutes revised selected papers from the workshops and the poster track held at the 26th International Conference on Agile Software Development, XP 2025, which took place in Brugg-Windisch, Switzerland, during June 2-5, 2025. XP is the premier agile software development conference combining research and practice. The main ambition of the co-located workshops was to foster collaboration, generate new insights, and advance the field of agile software development. The 2 full papers and 10 short papers included in these proceedings were carefully reviewed and selected from a total of 35 submissions to the workshops and the poster track. They were organized in topical sections as follows: AI and Agile Software Development: From Frustration to Success; The Third International Workshop on Global and Hybrid Work in Software Engineering (GoHyb); Towards a Closser Collaboration between Practice and Research in Agile Software Development - What we learnt and what not; Posters. | ||
| 532 | 8 | _aAccessibility summary: This PDF has been created in accordance with the PDF/UA-1 standard to enhance accessibility, including screen reader support, described non-text content (images, graphs), bookmarks for easy navigation, keyboard-friendly links and forms and searchable, selectable text. We recognize the importance of accessibility, and we welcome queries about accessibility for any of our products. If you have a question or an access need, please get in touch with us at accessibilitysupport@springernature.com. Please note that a more accessible version of this eBook is available as ePub. | |
| 532 | 8 | _aNo reading system accessibility options actively disabled | |
| 532 | 8 | _aPublisher contact for further accessibility information: accessibilitysupport@springernature.com | |
| 650 | 0 | _aSoftware engineering. | |
| 650 | 0 | _aBusiness information services. | |
| 650 | 0 | _aIndustrial organization. | |
| 650 | 1 | 4 | _aSoftware Engineering. |
| 650 | 2 | 4 | _aIT in Business. |
| 650 | 2 | 4 | _aOrganization. |
| 700 | 1 |
_aPeter, Sibylle. _eeditor. _0(orcid)0009-0007-4308-053X _1https://orcid.org/0009-0007-4308-053X _4edt _4http://id.loc.gov/vocabulary/relators/edt _921593 |
|
| 700 | 1 |
_aKropp, Martin. _eeditor. _0(orcid)0000-0002-7439-6517 _1https://orcid.org/0000-0002-7439-6517 _4edt _4http://id.loc.gov/vocabulary/relators/edt _921594 |
|
| 700 | 1 |
_aDingsøyr, Torgeir. _eeditor. _0(orcid)0000-0003-0725-345X _1https://orcid.org/0000-0003-0725-345X _4edt _4http://id.loc.gov/vocabulary/relators/edt _923738 |
|
| 700 | 1 |
_aDillon, Clare. _eeditor. _0(orcid)0009-0008-6205-0296 _1https://orcid.org/0009-0008-6205-0296 _4edt _4http://id.loc.gov/vocabulary/relators/edt _923739 |
|
| 700 | 1 |
_aDiebold, Philipp. _eeditor. _0(orcid)0000-0002-3910-7898 _1https://orcid.org/0000-0002-3910-7898 _4edt _4http://id.loc.gov/vocabulary/relators/edt _923740 |
|
| 700 | 1 |
_aJain, Deepti. _eeditor. _4edt _4http://id.loc.gov/vocabulary/relators/edt _923741 |
|
| 700 | 1 |
_aLunesu, Maria Ilaria. _eeditor. _0(orcid)0000-0002-2552-4228 _1https://orcid.org/0000-0002-2552-4228 _4edt _4http://id.loc.gov/vocabulary/relators/edt _918938 |
|
| 700 | 1 |
_aPinna, Andrea. _eeditor. _0(orcid)0000-0002-7530-0521 _1https://orcid.org/0000-0002-7530-0521 _4edt _4http://id.loc.gov/vocabulary/relators/edt _918941 |
|
| 710 | 2 | _aSpringerLink (Online service) | |
| 773 | 0 | _tSpringer Nature eBook | |
| 776 | 0 | 8 |
_iPrinted edition: _z9783032057983 |
| 776 | 0 | 8 |
_iPrinted edition: _z9783032058003 |
| 830 | 0 |
_aLecture Notes in Business Information Processing, _x1865-1356 ; _v561 |
|
| 856 | 4 | 0 | _uhttps://doi.org/10.1007/978-3-032-05799-0 |
| 912 | _aZDB-2-SCS | ||
| 912 | _aZDB-2-SXCS | ||
| 912 | _aZDB-2-SXPS | ||
| 912 | _aZDB-2-LNB | ||
| 912 | _aZDB-2-SOB | ||
| 999 |
_c579853 _d579853 |
||